00587nam a2200193Ia 450000500170000000800410001704000190005804100120007708200160008910000340010524500670013925000640020626000320027030000180030250400190032065000140033970000290035385000110038220240426140537.0131103s9999 xx 000 0 und d aLoreto College aEnglish a371.3 bSHI aShipley, C. Morton and others 2aA Synthesis of Teaching MethodscC. Morton Shipley, and others aMarjorie Mitchell Cann, John Hildebrand, George T. Mitchell aNew YorkbMcGraw-Hillc1964 a261p.b ills. aIncludes index aEducation aCann, Marjorie Mitchell  aLCBED